000 00453nam a22001697a 4500
005 20230109095536.0
008 221216b |||||||| |||| 00| 0 eng d
020 _a978-93-272-4085-6
041 _aeng
082 _a510.630-BHA-M
100 _aBHATNAGAR ,AMIT
_97350
245 _aMATHEMATICAL AGRICULTURE :CONCEPTS AND NUMERICALS
260 _aLUDHIANA
_bKALYANI PUBLISHERS
_c2021
300 _a234;P.
650 _aAGRICULTURE
_92837
942 _cBK
999 _c8053
_d8051